Радиотехнические системы: учебное пособие

Bibliografiske detaljer
Hovedforfatter: Незлин Д. В. Давид Вениаминович
Institution som forfatter: Московский государственный институт электронной техники (Технический университет) (МИЭТ)
Summary:Рассматриваются вопросы, связанные с построением и функционированием радиолокационных, радионавигационных систем и систем радиоуправления подвижными объектами. Приводятся основные характеристики указанных систем.Предназначено для студентов 5-го курса факультета МП и ТК, изучающих дисциплину "Радиотехнические системы". Может быть также использовано лицами, обучающимися в магистратуре МИЭТ.
Sprog:russisk
Udgivet: Москва, Изд-во МИЭТ, 2008
Fag:
Format: MixedMaterials Bog
KOHA link:https://koha.lib.tpu.ru/cgi-bin/koha/opac-detail.pl?biblionumber=164562

MARC

LEADER 00000nam0a2200000 4500
001 164562
005 20231101222505.0
010 |a 9785725604986 
035 |a (RuTPU)RU\TPU\book\178521 
090 |a 164562 
100 |a 20090908d2008 m y0rusy50 ca 
101 0 |a rus 
102 |a RU 
105 |a a j 001zy 
200 1 |a Радиотехнические системы  |e учебное пособие  |f Д. В. Незлин  |g Московский государственный институт электронной техники (Технический университет) (МИЭТ) 
210 |a Москва  |c Изд-во МИЭТ  |d 2008 
215 |a 204 с.  |c ил. 
320 |a Библиогр.: с. 201-202. 
330 |a Рассматриваются вопросы, связанные с построением и функционированием радиолокационных, радионавигационных систем и систем радиоуправления подвижными объектами. Приводятся основные характеристики указанных систем.Предназначено для студентов 5-го курса факультета МП и ТК, изучающих дисциплину "Радиотехнические системы". Может быть также использовано лицами, обучающимися в магистратуре МИЭТ. 
606 1 |a Радиотехнические системы  |2 stltpush  |3 (RuTPU)RU\TPU\subj\23232  |9 47863 
610 1 |a радиосистемы 
610 1 |a классификация 
610 1 |a сигналы 
610 1 |a радиоволны 
610 1 |a радиотехника 
610 1 |a радиолокационные системы 
610 1 |a помехозащищенность 
610 1 |a следящие измерители 
610 1 |a радионавигационные системы 
610 1 |a радиоуправление 
610 1 |a учебные пособия 
675 |a 621.37.002.6(075.8)  |v 3 
700 1 |a Незлин  |b Д. В.  |g Давид Вениаминович 
712 0 2 |a Московский государственный институт электронной техники (Технический университет) (МИЭТ)  |2 stltpush  |3 (RuTPU)RU\TPU\col\2285 
801 1 |a RU  |b 63413507  |c 20090908 
801 2 |a RU  |b 63413507  |c 20091012  |g RCR 
942 |c BK